|
|
|
|
| LEADER |
00894naa a2200169 i 4500 |
| 001 |
univ9738 |
| 005 |
20200529060114.0 |
| 008 |
170606s1926 hu o 0|| hun d |
| 040 |
|
|
|a SZTE UnivHistória Repozitórium
|b hun
|
| 041 |
|
|
|a hun
|
| 245 |
0 |
2 |
|a A kolozsvári m. kir. Ferencz József Tudományegyetem bölcsészet-, nyelv- és történettudományi karának tandijmentességi [!tandíjmentességi] szabályzata
|h [elektronikus dokumentum] :
|b (1907., ill. 1911. évi szabályzat)
|
| 260 |
|
|
|c 1926
|
| 300 |
|
|
|a 240-243
|
| 490 |
0 |
|
|a A M. Kir. Ferenc József-Tudományegyetem igazgatását érintő fontosabb törvények és rendeletek gyüjteménye [!gyűjteménye]
|
| 561 |
|
|
|a Egyetemi, hallgatói élet
|
| 695 |
|
|
|a Oktatásügy Magyarország jogi szabályozás, Felsőoktatás Magyarország 20. sz.
|
| 856 |
4 |
0 |
|u http://univ.bibl.u-szeged.hu/9738/1/fjt_torv_rend_gyujt_240-243.pdf
|z Dokumentum-elérés
|